| 000 | 02994nam0a2200385 4500 | ||
|---|---|---|---|
| 001 | RU\NLR\BIBL_A\012934485 | ||
| 005 | 20221230114134.0 | ||
| 010 |
_a978-5-91728-135-3 _9200 |
||
| 021 |
_aRU _bКН-П-22-068106 _9КН-П-22-5926 |
||
| 035 | _a(NLR Aleph) 012934485 | ||
| 035 | _a(RuMoRGB)011269069 | ||
| 090 |
_a12685468 _c12685468 |
||
| 100 | _a20221109d2018 u y0rusy50 ca | ||
| 101 | 0 | _arus | |
| 102 | _aRU | ||
| 105 | _aac z 000ay | ||
| 181 | 0 |
_ai3 _baxxe |
|
| 182 | 0 | _an | |
| 200 | 1 |
_aНостальгия. Дубрежские зарисовки _eрассказы _fМ. Д. Поленок |
|
| 203 |
_aТекст _bвизуальный _cнепосредственный |
||
| 210 |
_aКалининград _cСтраж Балтики _d2018 |
||
| 215 |
_a203 с. _cил., портр. _d22 |
||
| 300 | _aНа 4-й с. обл. авт.: Поленок М. Д. - кап. I ранга запаса | ||
| 311 | _aДоп. очерка "Дубрежка. От рассвета до заката", 2017 г. | ||
| 330 | _aСборник рассказов "Ностальгия. Дубрежские зарисовки" является художественным дополнением исторического очерка "Дубрежка. От рассвета до заката", выпущенного в 2017 году издательством "Страж Балтики". Автор выражает признательность Горбачёву Виктору Васильевичу за оказанную помощь в художественном оформлении сборника и Мельникову Василию Михайловичу за основу сюжета "Смекалистый аист". Особую признательность автор выражает своему бывшему начальнику - командующему Балтийским флотом адмиралу Егорову Владимиру Григорьевичу, поддержавшему издание исторического очерка и необходимость его дополнения данным сборником. Отдельную признательность и благодарность автор выражает земляку ヨ уроженцу п. Сеятель Поленок Михаилу Ивановичу, доброй души человеку, не забывающему своих корней и истоков, оказавшему материальную помощь в издании книги | ||
| 488 | 0 | _12001#$aДубрежка. От рассвета до заката$eочерк | |
| 675 |
_a821.161.1-32 _v4 |
||
| 686 | 2 | _aШ6(2=Р)8-440.5 | |
| 700 | 1 |
_aПоленок _bМ. Д. _f1951- _gМихаил Демьянович |
|
| 942 | _cBOOK | ||
| 980 | _aNBR | ||
| 980 | _aNB | ||